LEADER 01331nam1 2200397 450 001 990002802920203316 005 20061018091926.0 010 $a88-267-0376-0 035 $a000280292 035 $aUSA01000280292 035 $a(ALEPH)000280292USA01 035 $a000280292 100 $a20060829d2005----km-y0itay50------ba 101 0 $aita 102 $aIT 105 $ay|||z|||001yy 200 1 $a<> politica italiana dal 1945 agli anni sessanta$fUmberto Segre$ga cura di Vera Segre e Paolo Mugnano 210 $aRoma$cEdizioni Associate$d2005 215 $a2 v.$d21 cm 463 \1$1001990002802930203316$12001 $a<> Dall'esperienza del centro-sinistra al compromesso storico 463 \1$1001990002827190203316$12001 $a<> : Dalla liberazione alla fine del centrismo 607 $aItalia$xPolitica$z1945-1970 676 $a320.945 700 1$aSEGRE,$bUmberto$0288670 702 1$aSEGRE,$bVera 702 1$aMUGNANO,$bPaolo 801 0$aIT$bsalbc$gISBD 912 $a990002802920203316 951 $aX.3.B. 3633/$bL.M.$cX.3. 959 $aBK 969 $aUMA 979 $aPAOLA$b90$c20060829$lUSA01$h1704 979 $aANNAMARIA$b90$c20061018$lUSA01$h0919 979 $aPAOLA$b90$c20100507$lUSA01$h1133 996 $aPolitica italiana dal 1945 agli anni sessanta$9995484 997 $aUNISA LEADER 00959nam0-2200313 --450 001 9910231136503321 005 20171220162901.0 010 $a978-88-575-2886-1 100 $a20171220d2015----kmuy0itay5050 ba 101 0 $aita 102 $aIT 105 $aa 001yy 200 1 $aRequiescere noctem$eforme e linguaggi dell'ospitalitą$estudi per Domenico Mugnolo$fa cura di Pasquale Gallo, Maurizio Pirro e Ulrike Reeg 210 $aMilano ; Udine$cMimesis$d2015 215 $a421 p.$cill.$d21 cm 225 1 $a<>quadrifoglio tedesco$v28 610 0 $aOspitalitą in letteratura 676 $a809.93355$v22 702 1$aGallo,$bPasquale 702 1$aPirro,$bMaurizio 702 1$aReeg,$bUlrike 702 1$aMugnolo,$bDomenico$f<1945- > 801 0$aIT$bUNINA$gREICAT$2UNIMARC 901 $aBK 912 $a9910231136503321 952 $a809.933 GAL 1$fFLFBC 959 $aFLFBC 996 $aRequiescere noctem$91503520 997 $aUNINA